000 00353nam a2200145 i 4500
001 50575
003 ES-MaACL
005 20230906162213.0
007 t|
008 030805s1965 sp ||||1| spa d
245 0 0 _aCuba canta al SeƱor.
260 _aSalamanca :
_b[s.n.,
_c1965]
300 _a12 h. ;
_c14 cm.
852 _aES-MaACL
_j2041-F-13
_bR.57032
999 _c50575
_d50575